Statistics for Airline Logos #2

Click here to take the quiz!

General Stats

  • This quiz has been taken 2,958 times
    (2,928 since last reset)
  • The average score is 9 of 20

Answer Stats

Airline % Correct
Delta Air Lines
85%
United Airlines
82%
Qatar Airways
69%
Singapore Airlines
67%
AirAsia
65%
Malaysia Airlines
61%
Aeroflot
60%
Cathay Pacific
60%
Hawaiian AIrlines
58%
China Southern Airlines
45%
WestJet
44%
EgyptAir
42%
Air Berlin
36%
LATAM Airlines
33%
Garuda Indonesia
33%
SriLankan Airlines
25%
Frontier Airlines
25%
Copa Airlines
24%
Avianca
20%
Caribbean Airlines
12%

Score Distribution

Percentile by Number Answered

Percent of People with Each Score

Your Score History

You have not taken this quiz since the last reset